| 000 | 00987nam a2200265 a 4500 | ||
|---|---|---|---|
| 001 | 000008994 | ||
| 005 | 20240412074208.0 | ||
| 008 | 090922s1984 dr r 000 p spa d | ||
| 040 |
_aDO-SdBNP _bspa _cBNPHU |
||
| 082 |
_aRD861.09 _bC659e |
||
| 100 | 1 |
_aCocco-DeFilippis, Daisy, _d1949- _923602 |
|
| 245 | 1 | 0 |
_aEstudios semióticos de poesía dominicana / _cDaisy Cocco-DeFilippis. |
| 260 |
_aSanto Domingo : _bTaller, _c1984. |
||
| 300 |
_a174 p. ; _c24 cm. |
||
| 490 | 1 |
_aBiblioteca Taller _v178 |
|
| 504 | _aIncluye referencias bibliográficas y notas al pie de las páginas | ||
| 504 | _aBibliografía : p. 165-172. | ||
| 590 | _aInventariado, 2018/BT | ||
| 650 | 4 |
_aPoesía dominicana _ySIGLO XX _xHistoria y crítica _923569 |
|
| 650 | 4 |
_aPoetas dominicanos _ySIGLO XX _xHistoria y crítica _923603 |
|
| 650 | 0 |
_aLiteratura dominicana. _967 |
|
| 650 | 4 |
_aSemiótica y literatura _98100 |
|
| 830 | 0 |
_aBiblioteca Taller _n178 _923604 |
|
| 910 | _aValidado. Control de calidad. MMOLINA | ||
| 999 |
_c8758 _d8758 |
||